[Event "Moscow op U26"]
[Site "Moscow"]
[Date "2012.02.05"]
[Round "9"]
[White "Shikin, Sergey"]
[Black "Travkina, Anastasia"]
[Result "0-1"]
[WhiteElo "1825"]
[BlackElo "2178"]
[PlyCount "82"]
[EventDate "2012.01.28"]
[EventType "swiss"]
[EventRounds "9"]
[EventCountry "RUS"]
[SourceTitle "EXT 2013"]
[Source "ChessBase"]
[SourceDate "2012.11.22"]
[SourceVersion "1"]
[SourceVersionDate "2012.11.22"]
[SourceQuality "1"]

1. e4 c5 2. Nc3 Nc6 3. f4 g6 4. Nf3 Bg7 5. Bc4 e6 6. f5 Nge7 7. fxe6 fxe6 8. d3 d5 9. Bb3 b5 10. 0-0 c4 11. exd5 cxb3 12. dxc6 Qb6+ 13. Kh1 bxc2 14. Qxc2 0-0 15. Bg5 Nxc6 16. Qb3 Rf5 17. Rae1 b4 18. Be3 Qd8 19. Ne4 Qd5 20. Qxd5 Rxd5 21. d4 e5 22. dxe5 Nxe5 23. Nxe5 Rxe5 24. Bd4 Rf5 25. Bxg7 Rxf1+ 26. Rxf1 Kxg7 27. Rc1 Be6 28. Rc7+ Kh6 29. b3 Rf8 30. Kg1 Bd5 31. Nd6 Rf6 32. Nc4 Ra6 33. Rc5 Be4 34. Ra5 Rxa5 35. Nxa5 Bd5 36. Nc4 Bxc4 37. bxc4 Kg5 38. Kf2 Kf4 39. c5 Ke5 40. c6 Kd6 41. c7 Kxc7 0-1

[Event "Moscow op U26"]
[Site "Moscow"]
[Date "2012.01.30"]
[Round "3"]
[White "Okun, Evgeny"]
[Black "Shikin, Sergey"]
[Result "1-0"]
[WhiteElo "2145"]
[BlackElo "1825"]
[PlyCount "89"]
[EventDate "2012.01.28"]
[EventType "swiss"]
[EventRounds "9"]
[EventCountry "RUS"]
[SourceTitle "EXT 2013"]
[Source "ChessBase"]
[SourceDate "2012.11.22"]
[SourceVersion "1"]
[SourceVersionDate "2012.11.22"]
[SourceQuality "1"]

1. g3 Nf6 2. Bg2 g6 3. f4 d5 4. Nf3 c5 5. d3 Bg7 6. 0-0 0-0 7. Qe1 d4 8. Na3 Nc6 9. Bd2 e5 10. fxe5 Ng4 11. Bg5 Qd7 12. Bf4 Ngxe5 13. Nxe5 Nxe5 14. Bxe5 Bxe5 15. Nc4 Bg7 16. Rb1 Rb8 17. b4 Qc7 18. bxc5 Qxc5 19. Qb4 Qxb4 20. Rxb4 Be6 21. Rxb7 Rxb7 22. Bxb7 Bxc4 23. dxc4 Re8 24. Bd5 Re7 25. c5 Kf8 26. c6 Be5 27. Rb1 h6 28. a4 Re8 29. Rb7 Re7 30. Rb5 Ke8 31. Kf2 Kd8 32. Ke1 Kc7 33. Rb7+ Kd6 34. Bxf7 Rxb7 35. cxb7 Kc6 36. Bxg6 Kxb7 37. Kd2 Kc6 38. Kd3 Kd5 39. Bf7+ Kc5 40. Ke4 Bf6 41. h4 Kb4 42. Kf5 Bg7 43. Bb3 Kc3 44. Kg6 Bf8 45. g4 1-0

[Event "Moscow op-C"]
[Site "Moscow"]
[Date "2011.01.29"]
[Round "1"]
[White "Shikin, Sergey"]
[Black "Rozhkov, Viacheslav"]
[Result "0-1"]
[WhiteElo "1797"]
[BlackElo "2268"]
[PlyCount "42"]
[EventDate "2011.01.29"]
[EventType "swiss"]
[EventRounds "9"]
[EventCountry "RUS"]
[SourceTitle "EXT 2012"]
[Source "ChessBase"]
[SourceDate "2011.11.24"]
[SourceVersion "1"]
[SourceVersionDate "2011.11.24"]
[SourceQuality "1"]

1. e4 c5 2. Nc3 Nc6 3. f4 g6 4. Nf3 Bg7 5. Bc4 a6 6. a4 e6 7. f5 Ne5 8. Nxe5 Bxe5 9. 0-0 gxf5 10. d3 Qh4 11. g3 Bxg3 12. hxg3 Qxg3+ 13. Kh1 Qh3+ 14. Kg1 Nf6 15. Qf3 Rg8+ 16. Kf2 Rg3 17. Qh1 Ng4+ 18. Ke1 Nh2 19. Bf4 Nxf1 20. Qxf1 Qxf1+ 21. Kxf1 Rf3+ 0-1

[Event "Vladimir op-B"]
[Site "Vladimir"]
[Date "2009.08.28"]
[Round "9"]
[White "Shikin, Sergey"]
[Black "Orava, Alexandra"]
[Result "0-1"]
[WhiteElo "1606"]
[BlackElo "1762"]
[PlyCount "50"]
[EventDate "2009.08.19"]
[EventType "swiss"]
[EventRounds "9"]
[EventCountry "RUS"]
[SourceTitle "EXT 2012"]
[Source "ChessBase"]
[SourceDate "2011.11.24"]
[SourceVersion "1"]
[SourceVersionDate "2011.11.24"]
[SourceQuality "1"]

1. e4 d5 2. exd5 Qxd5 3. Nc3 Qa5 4. Nf3 Nf6 5. Bb5+ Bd7 6. Bxd7+ Nbxd7 7. 0-0 e6 8. d4 Be7 9. Bf4 h6 10. Qe2 a6 11. Rfe1 0-0-0 12. a3 Qf5 13. Be5 Nb6 14. a4 Rhg8 15. a5 Nbd5 16. Nxd5 Nxd5 17. Ra4 g5 18. Qd2 g4 19. Bxc7 Nxc7 20. Ne5 Bd6 21. Nc4 Be7 22. Re5 Qf6 23. Qc3 Rg5 24. Nb6+ Kb8 25. Rc4 Rxe5 0-1

[Event "Vladimir op-B"]
[Site "Vladimir"]
[Date "2009.08.25"]
[Round "6"]
[White "Nikologorskiy, Sergey"]
[Black "Shikin, Sergey"]
[Result "0-1"]
[WhiteElo "1959"]
[BlackElo "1606"]
[PlyCount "68"]
[EventDate "2009.08.19"]
[EventType "swiss"]
[EventRounds "9"]
[EventCountry "RUS"]
[SourceTitle "EXT 2012"]
[Source "ChessBase"]
[SourceDate "2011.11.24"]
[SourceVersion "1"]
[SourceVersionDate "2011.11.24"]
[SourceQuality "1"]

1. b4 e5 2. Bb2 Bxb4 3. Bxe5 Nf6 4. h3 Nc6 5. Bb2 0-0 6. Nf3 Re8 7. Nc3 d5 8. e3 d4 9. Ne2 dxe3 10. fxe3 Rxe3 11. c3 Rxf3 12. gxf3 Ne4 13. fxe4 Qh4+ 14. Ng3 Qxg3+ 15. Ke2 Bf5 16. d3 Bc5 17. Kd2 Bxe4 18. Be2 Qe3+ 19. Kc2 Bxh1 20. Bc1 Qf2 21. Bd2 Re8 22. Bf1 Bf3 23. Qc1 Be3 24. Rb1 b6 25. Qe1 Qh2 26. Rb2 Re6 27. a4 Bc5 28. Qa1 Be3 29. Qc1 Qf2 30. Kb1 Bxd2 31. Rxd2 Qe1 32. Bg2 Qxc1+ 33. Kxc1 Bxg2 34. Rxg2 Re3 0-1